| 000 | 00504pab a2200169 454500 | ||
|---|---|---|---|
| 008 | 180718b2004 xxu||||| |||| 00| 0 eng d | ||
| 100 | _aCambrosio, Alberto | ||
| 245 | _aMapping collaborative work and innovation in biomedicine: a computer-assisted analysis of antibody Reagent workshops. | ||
| 260 | _c2004 | ||
| 300 | _ap.325-64. | ||
| 362 | _aJun | ||
| 650 | _aMedical sciences | ||
| 700 | _aMogoutov, Andrei | ||
| 700 | _aKeating, Peter | ||
| 773 | _aSocial Studies of Science | ||
| 909 | _a61409 | ||
| 999 |
_c61409 _d61409 |
||